All Southampton's Honours (Trophies) - Statistics

General Stats
  • This quiz has been taken 3 times
  • The average score is 11 of 19
Answer Stats
Year Position Answer % Correct
2016-2017 Runners Up Carabao Cup
100%
2011-2012 Runners Up Championship
67%
1899-1900 Runners Up FA Cup
67%
1901-1902 Runners Up FA Cup
67%
2002-2003 Runners Up FA Cup
67%
2009-2010 Champions Papa Johns Trophy
67%
1896-1897 Champions Southern League
67%
1897-1898 Champions Southern League
67%
1898-1899 Champions Southern League
67%
1900-1901 Champions Southern League
67%
1902-1903 Champions Southern League
67%
1903-1904 Champions Southern League
67%
1978-1979 Runners Up Carabao Cup
33%
1965-1966 Runners Up Championship
33%
1977-1978 Runners Up Championship
33%
1975-1976 Champions FA Cup
33%
1983-1984 Runners Up First Division
33%
1921-1922 Champions League One
33%
1959-1960 Champions League One
33%
No matching quizzes found
Score Distribution
Percent of People with Each Score
Percentile by Number Answered
Your Score History
You have not taken this quiz